| 000 | 00827nam a2200229 a 4500 | ||
|---|---|---|---|
| 001 | 86071 | ||
| 003 | BD-RjUL | ||
| 005 | 20260107140621.0 | ||
| 008 | 260107s2024 bg ||||| |||| 00| 0 ben d | ||
| 020 | _a9789849463702 | ||
| 035 | _a(BD-RjUL)86071 | ||
| 040 |
_aBD-RjUL _beng _cBD-RjUL |
||
| 041 | _aben | ||
| 082 |
_223 _a741.2 _bSOT 2024 |
||
| 100 |
_aসোবাহান, হীরা _917566 |
||
| 245 |
_aচারুকলার কৌশলাদি / _cহীরা সোবাহান |
||
| 260 |
_aরাজশাহী : _bপ্রকৃতি-প্রত্যয় প্রকাশন, _c২০২৪ |
||
| 300 |
_a৫১৪ পৃ.: _bচিত্রসমূহ; _c২৪ সেমি. |
||
| 650 |
_aঅঙ্কন _xকৌশল _917575 |
||
| 650 |
_aDrawing _xTechnique. _917576 |
||
| 942 |
_2ddc _cBK |
||
| 999 |
_c86071 _d86071 |
||